Aktuálne propozície udržateľného rozvoja a environmentálne orientovanej logistiky v podniku diplomová práca

Gespeichert in:
Bibliographische Detailangaben
1. Verfasser: Kadlíčková, Katarína
Körperschaft: Fakulta podnikového manažmentu EU. Katedra podnikovohospodárska
Weitere Verfasser: Boorová, Brigita, 1979-
Format: Buch
Sprache:Slowakisch
Veröffentlicht: Bratislava 2024
Tags: Tag hinzufügen
Keine Tags, Fügen Sie das erste Tag hinzu!

MARC

LEADER 00000nbm a2200000 4500
001 0301042
005 20250904142722.6
041 0 |a slo 
044 |a SK 
245 1 0 |a Aktuálne propozície udržateľného rozvoja a environmentálne orientovanej logistiky v podniku  |b diplomová práca  |c Katarína Kadlíčková ; školiteľ: Brigita Boorová 
264 1 |a Bratislava  |c 2024 
300 |a 56 s. 
100 1 |a Kadlíčková, Katarína 
700 1 |a Boorová, Brigita, 1979- 
710 2 |a Fakulta podnikového manažmentu EU. Katedra podnikovohospodárska